| Tag |
First Indicator |
Second Indicator |
Subfields |
| LEADER |
00000cam a2200000 a 4500 |
| 001 |
in00000076629 |
| 005 |
20151008053729.0 |
| 008 |
770511s1976 ilu b 00010 eng d |
| 035 |
|
|
|a (OCoLC)02955861
|
| 035 |
|
|
|9 AAH8447AM
|
| 040 |
|
|
|a BTC
|c BTC
|d m.c.
|d TXA
|d UtOrBLW
|
| 049 |
|
|
|a TXAM
|c [1481611]
|
| 090 |
|
|
|a QA278.2
|b .T3 1976
|
| 100 |
1 |
|
|a Tatsuoka, Maurice M.
|
| 245 |
1 |
0 |
|a Validation studies :
|b the use of multiple regression equations /
|c by Maurice M. Tatsuoka.
|
| 250 |
|
|
|a 2nd ed.
|
| 264 |
|
1 |
|a Champaign, Ill. :
|b Institute for Personality and Ability Testing,
|c [1976]
|
| 264 |
|
4 |
|c ©1976
|
| 300 |
|
|
|a iii, 32 pages ;
|c 22 cm.
|
| 336 |
|
|
|a text
|b txt
|2 rdacontent
|
| 337 |
|
|
|a unmediated
|b n
|2 rdamedia
|
| 338 |
|
|
|a volume
|b nc
|2 rdacarrier
|
| 490 |
1 |
|
|a Selected topics in advanced statistics: an elementary approach ;
|v no. 5
|
| 504 |
|
|
|a Bibliography: page 32.
|
| 650 |
|
0 |
|a Regression analysis.
|
| 650 |
|
0 |
|a Psychometrics.
|
| 650 |
|
0 |
|a Mathematical statistics.
|
| 800 |
1 |
|
|a Tatsuoka, Maurice M.
|t Selected topics in advanced statistics ;
|v no. 5.
|
| 999 |
|
|
|a MARS
|
| 999 |
f |
f |
|s 16937aa7-217c-3f80-a4fb-b3ae15ec41f0
|i 7151a348-a014-314d-9761-692fcc30cb39
|t 0
|
| 952 |
f |
f |
|a Texas A&M University
|b College Station
|c Sterling C. Evans Library
|d Evans: Library Stacks
|t 0
|e QA278.2 .T3 1976
|h Library of Congress classification
|
| 998 |
f |
f |
|a QA278.2 .T3 1976
|t 0
|l Evans: Library Stacks
|